Advantages and disadvantages of franchising as a form of business; Экономика России в XXI веке; Т. 2
| Parent link: | Экономика России в XXI веке: сборник научных трудов XII Международной научно-практической конференции "Экономические науки и прикладные исследования", г. Томск, 17-21 ноября 2015 г./ Национальный исследовательский Томский политехнический университет (ТПУ) ; ред. кол. Г. А. Барышева [и др.].— , 2015 Т. 2.— 2015.— [С. 478-482] |
|---|---|
| Yazar: | |
| Müşterek Yazar: | |
| Diğer Yazarlar: | |
| Özet: | Заглавие с титульного экрана The article describes the features of the development of franchising in Russia. Franchising has a number of advantages and it is a perspective form of interaction between small and large businesses. However, in taking a decision to contract with the franchise network, in addition to understanding the forms of doing business, the advantages of the system, you should also take into account that the franchise system is associated with some risks. |
| Dil: | İngilizce |
| Baskı/Yayın Bilgisi: |
2015
|
| Seri Bilgileri: | Actual problems of transformation of socio-economic systems |
| Konular: | |
| Online Erişim: | http://earchive.tpu.ru/handle/11683/15463 http://www.lib.tpu.ru/fulltext/c/2015/C40/V2/092.pdf |
| Materyal Türü: | MixedMaterials Elektronik Kitap Bölümü |
| KOHA link: | https://koha.lib.tpu.ru/cgi-bin/koha/opac-detail.pl?biblionumber=616911 |
MARC
| LEADER | 00000naa2a2200000 4500 | ||
|---|---|---|---|
| 001 | 616911 | ||
| 005 | 20231101132931.0 | ||
| 035 | |a (RuTPU)RU\TPU\conf\15167 | ||
| 035 | |a RU\TPU\conf\15166 | ||
| 090 | |a 616911 | ||
| 100 | |a 20160127d2015 k y0rusy50 ba | ||
| 101 | 0 | |a eng | |
| 102 | |a RU | ||
| 105 | |a y z 101zy | ||
| 135 | |a drgn ---uucaa | ||
| 181 | 0 | |a i | |
| 182 | 0 | |a b | |
| 200 | 1 | |a Advantages and disadvantages of franchising as a form of business |f A. A. Kolesova |g sci. adv. G. O. Fangmann | |
| 203 | |a Текст |c электронный | ||
| 225 | 1 | |a Actual problems of transformation of socio-economic systems | |
| 230 | |a 1 компьютерный файл (pdf; 286 Kb) | ||
| 300 | |a Заглавие с титульного экрана | ||
| 320 | |a [Библиогр.: с. 481-482 (4 назв.)] | ||
| 330 | |a The article describes the features of the development of franchising in Russia. Franchising has a number of advantages and it is a perspective form of interaction between small and large businesses. However, in taking a decision to contract with the franchise network, in addition to understanding the forms of doing business, the advantages of the system, you should also take into account that the franchise system is associated with some risks. | ||
| 337 | |a Adobe Reader | ||
| 461 | 1 | |0 (RuTPU)RU\TPU\conf\14421 |t Экономика России в XXI веке |o сборник научных трудов XII Международной научно-практической конференции "Экономические науки и прикладные исследования", г. Томск, 17-21 ноября 2015 г. |o в 2 т. |f Национальный исследовательский Томский политехнический университет (ТПУ) ; ред. кол. Г. А. Барышева [и др.] |d 2015 | |
| 463 | 0 | |0 (RuTPU)RU\TPU\conf\14423 |t Т. 2 |v [С. 478-482] |d 2015 | |
| 610 | 1 | |a труды учёных ТПУ | |
| 610 | 1 | |a электронный ресурс | |
| 610 | 1 | |a франчайзинг | |
| 610 | 1 | |a бизнес | |
| 610 | 1 | |a риски | |
| 610 | 1 | |a Россия | |
| 700 | 1 | |a Kolesova |b A. A. | |
| 702 | 1 | |a Fangmann |b G. O. |c economist |c Associate Professor of Tomsk Polytechnic University, candidate of economic sciences |f 1953- |g Galina Olegovna |2 stltpush |4 727 | |
| 712 | 0 | 2 | |a Национальный исследовательский Томский политехнический университет (ТПУ) |b Институт социально-гуманитарных технологий (ИСГТ) |b Кафедра менеджмента (МЕН) |h 150 |2 stltpush |3 (RuTPU)RU\TPU\col\18855 |
| 801 | 2 | |a RU |b 63413507 |c 20210209 |g RCR | |
| 856 | 4 | |u http://earchive.tpu.ru/handle/11683/15463 | |
| 856 | 4 | |u http://www.lib.tpu.ru/fulltext/c/2015/C40/V2/092.pdf | |
| 942 | |c BK | ||